000
00279nam a2200097Ia 4500
008
220120s9999||||xx |||||||||||||| ||und||
100
_a
Divya P.N and others
_9
12610
245
0
_a
Smart helmet
260
_a
Coorg Institute of Technology
_b
Ponnampet
_c
2016
650
_a
COMPUTER SCIENCE
999
_c
138208
_d
138208